000 00766na a2200253 4500
001 18184
003 MIRAKIL
005 20181213155047.0
008 170213b tu 000 0
020 _a975585410X
040 _aMilas
_btur
_cTR-AnCHP
041 _atur
082 _a956.1023
_bÖ92a 2004
090 _a956.1023 Ö92a 2004
100 _aÖzdemir, Hikmet
245 _aAmasya belgelerini yeniden okumak
_cHikmet Özdemir
260 _a[Ankara]
_bYusufcuk Bas. Yay. Tan. Hiz.
_c2004
300 _a303 s.
_c22 sm.
500 _aYapıt Osmanlı Türkçesi metinler içerir.
504 _aKaynakça ve dizin var.
650 _aMilli Mücadele Dönemi
_xAmasya belgeleri
650 _aBağımsızlık
_xAmasya Genelgesi
_zTürkiye
942 _2ddc
_cBKS
999 _c5776
_d5776